<?xml version="1.0" encoding="UTF-8"?>
<record
    xmlns:xsi="http://www.w3.org/2001/XMLSchema-instance"
    xsi:schemaLocation="http://www.loc.gov/MARC21/slim http://www.loc.gov/standards/marcxml/schema/MARC21slim.xsd"
    xmlns="http://www.loc.gov/MARC21/slim">

  <leader>00717nam a2200193Ia 4500</leader>
  <datafield tag="999" ind1=" " ind2=" ">
    <subfield code="c">38778</subfield>
    <subfield code="d">38778</subfield>
  </datafield>
  <controlfield tag="001">5127</controlfield>
  <controlfield tag="003">GE_BSU</controlfield>
  <controlfield tag="005">20190605211820.0</controlfield>
  <controlfield tag="008">181216s1967||||ge |||||||||||||| ||geo||</controlfield>
  <datafield tag="040" ind1=" " ind2=" ">
    <subfield code="c">GE_BSU</subfield>
  </datafield>
  <datafield tag="041" ind1=" " ind2=" ">
    <subfield code="a">geo</subfield>
  </datafield>
  <datafield tag="080" ind1=" " ind2=" ">
    <subfield code="a">744(075.4) &#x10E8;- 15</subfield>
  </datafield>
  <datafield tag="100" ind1=" " ind2=" ">
    <subfield code="a">&#x10E8;&#x10D0;&#x10D5;&#x10D2;&#x10E3;&#x10DA;&#x10D8;&#x10EB;&#x10D4;, &#x10D0;.</subfield>
    <subfield code="9">2216</subfield>
  </datafield>
  <datafield tag="245" ind1=" " ind2=" ">
    <subfield code="a">&#x10E2;&#x10D4;&#x10E5;&#x10DC;&#x10D8;&#x10D9;&#x10E3;&#x10E0;&#x10D8; &#x10EE;&#x10D0;&#x10D6;&#x10D5;&#x10D0; :</subfield>
    <subfield code="b">&#x10E1;&#x10D0;&#x10EE;&#x10D4;&#x10DA;&#x10DB;&#x10EB;&#x10E6;&#x10D5;. /</subfield>
    <subfield code="c">&#x10D0;. &#x10E8;&#x10D0;&#x10D5;&#x10D2;&#x10E3;&#x10DA;&#x10D8;&#x10EB;&#x10D4;</subfield>
  </datafield>
  <datafield tag="264" ind1=" " ind2=" ">
    <subfield code="a">&#x10D7;&#x10D1;&#x10D8;&#x10DA;&#x10D8;&#x10E1;&#x10D8; :</subfield>
    <subfield code="b">&#x10D2;&#x10D0;&#x10DC;&#x10D0;&#x10D7;&#x10DA;&#x10D4;&#x10D1;&#x10D0;,</subfield>
    <subfield code="c">1967.</subfield>
  </datafield>
  <datafield tag="300" ind1=" " ind2=" ">
    <subfield code="a">248 &#x10D2;&#x10D5;. :</subfield>
    <subfield code="b">&#x10D8;&#x10DA;. , &#x10E1;&#x10D0;&#x10D5;&#x10D0;&#x10E0;&#x10EF;&#x10D8;&#x10E8;&#x10DD;&#x10D7;&#x10D0; &#x10D9;&#x10E0;&#x10D4;&#x10D1;&#x10E3;&#x10DA;&#x10D8; &#x10D2;&#x10D5;.203.</subfield>
    <subfield code="c">30 &#x10E1;&#x10DB;.</subfield>
  </datafield>
  <datafield tag="653" ind1=" " ind2=" ">
    <subfield code="a">&#x10E2;&#x10D4;&#x10E5;&#x10DC;&#x10D8;&#x10D9;&#x10E3;&#x10E0;&#x10D8; &#x10EE;&#x10D0;&#x10D6;&#x10D5;&#x10D0;</subfield>
  </datafield>
  <datafield tag="942" ind1=" " ind2=" ">
    <subfield code="c">BK</subfield>
    <subfield code="2">udc</subfield>
  </datafield>
  <datafield tag="952" ind1=" " ind2=" ">
    <subfield code="0">0</subfield>
    <subfield code="1">0</subfield>
    <subfield code="2">udc</subfield>
    <subfield code="4">0</subfield>
    <subfield code="6">7440754_&#x10E8;_15</subfield>
    <subfield code="7">0</subfield>
    <subfield code="9">41096</subfield>
    <subfield code="a">SPL</subfield>
    <subfield code="b">SPL</subfield>
    <subfield code="c">GEN</subfield>
    <subfield code="d">2018-12-17</subfield>
    <subfield code="g">5.18</subfield>
    <subfield code="o">744(075.4) &#x10E8;- 15</subfield>
    <subfield code="p">12164</subfield>
    <subfield code="r">2018-12-17</subfield>
    <subfield code="t">12164</subfield>
    <subfield code="w">2018-12-17</subfield>
    <subfield code="y">BK</subfield>
    <subfield code="z">5.18 &#x10DA;.</subfield>
  </datafield>
  <datafield tag="952" ind1=" " ind2=" ">
    <subfield code="0">0</subfield>
    <subfield code="1">0</subfield>
    <subfield code="2">udc</subfield>
    <subfield code="4">0</subfield>
    <subfield code="6">7440754_&#x10E8;_15</subfield>
    <subfield code="7">0</subfield>
    <subfield code="9">41097</subfield>
    <subfield code="a">SPL</subfield>
    <subfield code="b">SPL</subfield>
    <subfield code="c">GEN</subfield>
    <subfield code="d">2018-12-17</subfield>
    <subfield code="g">5.18</subfield>
    <subfield code="o">744(075.4) &#x10E8;- 15</subfield>
    <subfield code="p">12165</subfield>
    <subfield code="r">2018-12-17</subfield>
    <subfield code="t">12165</subfield>
    <subfield code="w">2018-12-17</subfield>
    <subfield code="y">BK</subfield>
    <subfield code="z">5.18 &#x10DA;.</subfield>
  </datafield>
  <datafield tag="952" ind1=" " ind2=" ">
    <subfield code="0">0</subfield>
    <subfield code="1">0</subfield>
    <subfield code="2">udc</subfield>
    <subfield code="4">0</subfield>
    <subfield code="6">7440754_&#x10E8;_15</subfield>
    <subfield code="7">0</subfield>
    <subfield code="9">41098</subfield>
    <subfield code="a">SPL</subfield>
    <subfield code="b">SPL</subfield>
    <subfield code="c">GEN</subfield>
    <subfield code="d">2018-12-17</subfield>
    <subfield code="g">5.18</subfield>
    <subfield code="o">744(075.4) &#x10E8;- 15</subfield>
    <subfield code="p">12166</subfield>
    <subfield code="r">2018-12-17</subfield>
    <subfield code="t">12166</subfield>
    <subfield code="w">2018-12-17</subfield>
    <subfield code="y">BK</subfield>
    <subfield code="z">5.18 &#x10DA;.</subfield>
  </datafield>
</record>
